| 000 | 00814cam a22002293a 4500 | ||
|---|---|---|---|
| 001 | 1860 | ||
| 003 | PGUSA | ||
| 005 | 20140828083007.0 | ||
| 008 | 060514s2006||||xxu|||||s|||||000 1 eng d | ||
| 040 |
_aPGUSA _beng |
||
| 042 | _adc | ||
| 050 | 4 | _aPR | |
| 100 | 1 |
_aKingsley, Charles, _d1819-1875 |
|
| 245 | 1 | 0 |
_aWestward Ho! Or, The Voyages and Adventures of Sir Amyas Leigh, Knight, of Burrough, in the County of Devon, in the Reign of Her Most Glorious Majesty Queen Elizabeth _h[electronic resource] / _cCharles Kingsley |
| 260 |
_bProject Gutenberg, _c2006 |
||
| 506 | _aPublic domain in the USA. | ||
| 516 | _aElectronic text | ||
| 653 | _aGreat Britain -- History -- Elizabeth, 1558-1603 -- Fiction | ||
| 830 | 0 |
_aProject Gutenberg _v1860 |
|
| 856 | 4 | 0 | _uhttp://www.gutenberg.org/ebooks/1860 |
| 942 | _cEB | ||
| 999 |
_c231203 _d231203 |
||